000 01017nam a22003137a 4500
003 CHAP
005 20220329135050.0
008 971013s1984 r 00010 d
010 _a30375
011 _a31347
035 _a35459
040 _cCHAP
090 _aTesis
100 0 0 _aCorona Torres, Tarsicio.
_928128
245 _aDefoliación en dos variedades de sorgo (Sorgum bicolor L. Moench) en Zacatepec, Morelos
260 _aChapingo, Méx. :
_bEl autor,
_c1984
300 _a186 h.
502 _aTesis (Ing. Agr. Esp. en Fitotecnia) -- UACH. Departamento de Fitotecnia
590 _aALEPH
_b10
_c20130110
_lUCH01
_h1252
590 _aBATCH-UPD
_b10
_c20130110
_lUCH01
_h2136
590 _aBATCH-UPD
_b10
_c20130410
_lUCH01
_h1445
590 _aBATCH-UPD
_b10
_c20130914
_lUCH01
_h1054
590 _aCONVERSION
_b10
_c20130109
_lUCH01
_h1317
650 1 4 _aSorgo
_xDefoliación.
_9108647
650 1 4 _aSorgo
_xVariedades.
_9108734
901 _aBK
942 _cTESIS
949 _bBC
_cTES
_d-81966
_eTS1
_i35459
_si
999 _c30375
_d30375